[Event "77. Alemania ch 2006"]
[Site "Osterburg GER"]
[Date "2006.02.09"]
[Round "7.10"]
[White "Heinemann, Thies"]
[Black "Reipsch, Jens"]
[Result "1-0"]
[WhiteElo "2443"]
[BlackElo "2293"]
[PlyCount "121"]
[EventDate "2006.02.04"]
[EventType "swiss"]
[EventRounds "9"]
[EventCountry "GER"]
[Source "lmi"]
[SourceDate "2006.02.11"]

1. e4 e5 2. Nf3 Nc6 3. Nc3 Nf6 4. d4 exd4 5. Nxd4 Bb4 6. Nxc6 bxc6 7. Bd3 d5 8.
exd5 cxd5 9. O-O O-O 10. Bg5 c6 11. Qf3 Bd6 12. Rfe1 Rb8 13. b3 h6 14. Bxf6
Qxf6 15. Qxf6 gxf6 16. Ne2 Be6 17. Rad1 c5 18. g3 Rfd8 19. c3 a5 20. Kg2 a4 21.
Bc2 d4 22. cxd4 Bd5+ 23. Kg1 axb3 24. axb3 c4 25. bxc4 Bxc4 26. Bd3 Bd5 27. Nc3
Bf3 28. Be2 Bb4 29. Bxf3 Bxc3 30. Re4 f5 31. Rf4 Rb4 32. Rd3 Bxd4 33. Kg2 Rd6
34. Rxf5 Rbb6 35. Bh5 Bf6 36. Rdf3 Kg7 37. h4 Rb7 38. Kh3 Rb1 39. R3f4 Rb3 40.
Rg4+ Kf8 41. Rc4 Rb7 42. Rcf4 Kg7 43. g4 Rb1 44. Kg2 Rb7 45. g5 hxg5 46. hxg5
Bd8 47. Bxf7 Ra6 48. Bh5 Ra5 49. Rxa5 Bxa5 50. Rd4 Rb2 51. Rd7+ Kg8 52. Bf7+
Kh8 53. Bd5 Rb6 54. f4 Bd2 55. Kf3 Ra6 56. Kg4 Be3 57. f5 Ra4+ 58. Kh5 Bxg5 59.
Kxg5 Rg4+ 60. Kf6 Rg6+ 61. Ke5 1-0

[Event "77. Alemania ch 2006"]
[Site "Osterburg GER"]
[Date "2006.02.09"]
[Round "7.11"]
[White "Hoepfl, Thomas"]
[Black "Meier, Georg"]
[Result "1-0"]
[WhiteElo "2313"]
[BlackElo "2424"]
[PlyCount "181"]
[EventDate "2006.02.04"]
[EventType "swiss"]
[EventRounds "9"]
[EventCountry "GER"]
[Source "lmi"]
[SourceDate "2006.02.11"]

1. e4 e6 2. d4 d5 3. Nd2 dxe4 4. Nxe4 Nd7 5. Nf3 Ngf6 6. Nxf6+ Nxf6 7. c3 c5 8.
Ne5 a6 9. Qa4+ Nd7 10. Be3 cxd4 11. Bxd4 Qc7 12. Nf3 f6 13. Bd3 Kf7 14. Qc2 Bd6
15. Bxh7 Nf8 16. Bd3 e5 17. Be3 Be6 18. Bf5 b5 19. Nd2 Rc8 20. h4 g6 21. Bxe6+
Nxe6 22. O-O-O Be7 23. Kb1 Qc6 24. g4 Ng7 25. f4 exf4 26. Bxf4 g5 27. Bg3 gxh4
28. Rxh4 Rxh4 29. Bxh4 Rd8 30. Nb3 Qf3 31. Rg1 Rh8 32. Nd4 Qb7 33. Be1 Rh1 34.
Rxh1 Qxh1 35. Qe2 Bc5 36. Nf3 Ne6 37. Qe4 Qf1 38. Kc2 a5 39. Qh7+ Ke8 40. Qe4
Kf7 41. Bd2 Qf2 42. Ne1 Be7 43. Nd3 Qb6 44. Be3 Qd6 45. Qf5 Qh2+ 46. Bd2 Nc7
47. Nf4 Ke8 48. Ne6 Nxe6 49. Qxe6 Qg2 50. Qc8+ Bd8 51. Qf5 Qe2 52. Qg6+ Ke7 53.
Qh7+ Ke8 54. Qh8+ Ke7 55. Qh3 Qe4+ 56. Kc1 Bb6 57. Qg3 Ke6 58. a3 a4 59. Qh3
Kd5 60. Qf1 Qxg4 61. Qxb5+ Bc5 62. Be3 Qc4 63. Qd7+ Ke4 64. Bxc5 Qxc5 65. Qxa4+
Kf3 66. Qd1+ Kg2 67. Qd2+ Kf1 68. Qf4+ Ke2 69. Qe4+ Kf1 70. Qf3+ Ke1 71. Qxf6
Qe3+ 72. Kb1 Qd3+ 73. Ka2 Qd5+ 74. c4 Qxc4+ 75. b3 Qd5 76. Qc3+ Kd1 77. a4 Qb7
78. Ka3 Qd5 79. a5 Qd6+ 80. b4 Qd7 81. a6 Qb5 82. Qd4+ Ke2 83. a7 Qa6+ 84. Kb2
Qb7 85. Qc5 Kd3 86. b5 Qg7+ 87. Kb3 Qf7+ 88. Ka3 Qb7 89. b6 Qe4 90. Qb5+ Kc3
91. Qb2+ 1-0

[Event "77. Alemania ch 2006"]
[Site "Osterburg GER"]
[Date "2006.02.09"]
[Round "7.12"]
[White "Bastian, Herbert"]
[Black "Rother, Christoph"]
[Result "0-1"]
[WhiteElo "2413"]
[BlackElo "2293"]
[PlyCount "58"]
[EventDate "2006.02.04"]
[EventType "swiss"]
[EventRounds "9"]
[EventCountry "GER"]
[Source "lmi"]
[SourceDate "2006.02.11"]

1. e4 e6 2. d4 d5 3. e5 c5 4. c3 Nc6 5. Nf3 Bd7 6. dxc5 Bxc5 7. Bd3 f6 8. Qe2
fxe5 9. Nxe5 Nxe5 10. Qxe5 Nf6 11. Be3 Bxe3 12. Qxe3 O-O 13. O-O Qc7 14. Nd2 e5
15. Rac1 b6 16. Qg3 Nh5 17. Qh4 g6 18. c4 d4 19. c5 b5 20. c6 Be6 21. Rfe1 Nf4
22. Bxb5 Qa5 23. Ne4 Qxb5 24. Nf6+ Kg7 25. Nxh7 Ne2+ 26. Rxe2 Qxe2 27. Nxf8
Rxf8 28. c7 d3 29. Qe7+ Rf7 0-1

[Event "77. Alemania ch 2006"]
[Site "Osterburg GER"]
[Date "2006.02.09"]
[Round "7.13"]
[White "Becker, Michael"]
[Black "Markgraf, Alexander"]
[Result "1-0"]
[WhiteElo "2320"]
[BlackElo "2412"]
[PlyCount "97"]
[EventDate "2006.02.04"]
[EventType "swiss"]
[EventRounds "9"]
[EventCountry "GER"]
[Source "lmi"]
[SourceDate "2006.02.11"]

1. e4 c5 2. Nf3 e6 3. d3 Nc6 4. g3 g6 5. Bg5 f6 6. Bd2 d5 7. Bg2 Bg7 8. O-O
Nge7 9. exd5 exd5 10. Re1 O-O 11. Nc3 Bd7 12. Bf4 d4 13. Nb5 Ne5 14. Nd6 Qc7
15. Ne4 Bg4 16. h3 Bxf3 17. Bxf3 Rae8 18. Bg2 Nd5 19. Bd2 b6 20. f4 Nf7 21. Qf3
Ne3 22. Bxe3 dxe3 23. Kh2 f5 24. Nc3 g5 25. Nd5 Qd6 26. c3 gxf4 27. gxf4 Ng5
28. Qg3 Ne6 29. Rxe3 Kh8 30. Rae1 Bh6 31. Kh1 Rg8 32. Qxg8+ Rxg8 33. Rxe6 Qd8
34. Rxh6 Rxg2 35. c4 Rg6 36. Rxg6 hxg6 37. Re7 a6 38. Kh2 b5 39. Kg3 bxc4 40.
dxc4 Qf8 41. b3 a5 42. a3 Qd8 43. Kh4 Qb8 44. Kg5 Qxb3 45. Nf6 Qg3+ 46. Kh6
Qxf4+ 47. Kxg6 Qg3+ 48. Kf7 Qg7+ 49. Ke6 1-0

[Event "77. Alemania ch 2006"]
[Site "Osterburg GER"]
[Date "2006.02.09"]
[Round "7.15"]
[White "Huschenbeth, Niclas"]
[Black "Reuss, Andreas"]
[Result "1/2-1/2"]
[WhiteElo "2287"]
[BlackElo "2354"]
[PlyCount "117"]
[EventDate "2006.02.04"]
[EventType "swiss"]
[EventRounds "9"]
[EventCountry "GER"]
[Source "lmi"]
[SourceDate "2006.02.11"]

1. e4 c6 2. d4 d5 3. Nc3 dxe4 4. Nxe4 Nd7 5. Ng5 Ngf6 6. Bd3 e6 7. N1f3 Bd6 8.
Qe2 h6 9. Ne4 Nxe4 10. Qxe4 Nf6 11. Qe2 Qb6 12. O-O O-O 13. b3 Qc7 14. Bb2 b6
15. c4 Bb7 16. Rad1 Rad8 17. Bb1 Rfe8 18. Qc2 c5 19. dxc5 bxc5 20. Bxf6 gxf6
21. Qh7+ Kf8 22. Nh4 Bxh2+ 23. Kh1 Rd4 24. Rxd4 cxd4 25. Bg6 Rd8 26. Re1 Be5
27. Bh5 d3 28. Qh8+ Ke7 29. Qg7 d2 30. Rd1 Rd4 31. Ng6+ Kd6 32. Qf8+ Kd7 33.
Qxf7+ Kc8 34. Qxe6+ Qd7 35. Qxd7+ Kxd7 36. Nxe5+ fxe5 37. Bg6 Kd6 38. Bc2 Kc5
39. a3 a5 40. Kg1 a4 41. Kf1 h5 42. f3 e4 43. Ke2 exf3+ 44. gxf3 h4 45. Rg1
axb3 46. Bxb3 Rf4 47. Kxd2 Rxf3 48. Bd1 Rxa3 49. Bg4 Kd4 50. Rd1 Ra2+ 51. Kc1+
Kc3 52. Kb1 Rg2 53. Bf5 Rf2 54. Rd3+ Kxc4 55. Rh3 Rf4 56. Kc2 Kd4 57. Be6 Bg2
58. Ra3 Ke5 59. Bh3 1/2-1/2

[Event "77. Alemania ch 2006"]
[Site "Osterburg GER"]
[Date "2006.02.09"]
[Round "7.16"]
[White "Espig, Lutz"]
[Black "Schunk, Thomas"]
[Result "1/2-1/2"]
[WhiteElo "2402"]
[BlackElo "2315"]
[PlyCount "153"]
[EventDate "2006.02.04"]
[EventType "swiss"]
[EventRounds "9"]
[EventCountry "GER"]
[Source "lmi"]
[SourceDate "2006.02.11"]

1. Nf3 Nf6 2. c4 c5 3. Nc3 Nc6 4. g3 d5 5. cxd5 Nxd5 6. Bg2 Nc7 7. a3 e5 8. b4
f6 9. bxc5 Bxc5 10. O-O O-O 11. Bb2 Be6 12. Qc2 Qe7 13. e3 Rac8 14. d4 exd4 15.
Ne4 Bb6 16. exd4 Bd5 17. Nc5 Qf7 18. Rac1 Nb5 19. Qf5 Nd6 20. Qd7 Nc4 21. Ba1
Nxa3 22. Qxb7 Qxb7 23. Nxb7 Nb5 24. Rfe1 Ncxd4 25. Nxd4 Bxg2 26. Rxc8 Rxc8 27.
Nxb5 Bxb7 28. Nd6 Rb8 29. Nxb7 Rxb7 30. Bc3 Kf7 31. Kg2 Bc5 32. Rc1 Rb5 33. Ra1
Rb3 34. Rc1 Bb6 35. Be1 Rb2 36. Rd1 Ke6 37. Kf3 h5 38. Bd2 g5 39. h3 Kf5 40.
g4+ Kg6 41. gxh5+ Kxh5 42. Be3 Kg6 43. Bxb6 axb6 44. Rd5 b5 45. Kg3 Kf7 46. Rd6
Rb4 47. Rb6 Kg6 48. f4 Rxf4 49. Rxb5 Re4 50. Ra5 Re3+ 51. Kg2 Re5 52. Ra4 Kf5
53. Ra1 Re3 54. Ra4 Re4 55. Ra6 Rd4 56. Kf3 Rd3+ 57. Kg2 Ke5 58. Ra5+ Ke4 59.
Ra4+ Rd4 60. Ra2 Ke3 61. Ra5 Kf4 62. Ra2 f5 63. Rf2+ Ke4 64. Re2+ Kd5 65. Ra2
Rd3 66. Re2 f4 67. Re8 Rg3+ 68. Kh2 Re3 69. Rg8 Re2+ 70. Kg1 Re5 71. h4 gxh4
72. Rg4 Ke4 73. Rxh4 Ke3 74. Rh2 f3 75. Ra2 Rd5 76. Ra3+ Kf4 77. Ra8 1/2-1/2

[Event "77. Alemania ch 2006"]
[Site "Osterburg GER"]
[Date "2006.02.09"]
[Round "7.17"]
[White "Schuster, Martin"]
[Black "Michalczak, Thomas"]
[Result "1/2-1/2"]
[WhiteElo "2222"]
[BlackElo "2361"]
[PlyCount "55"]
[EventDate "2006.02.04"]
[EventType "swiss"]
[EventRounds "9"]
[EventCountry "GER"]
[Source "lmi"]
[SourceDate "2006.02.11"]

1. e4 e5 2. Nf3 Nc6 3. Bc4 Nf6 4. d4 exd4 5. e5 Ne4 6. O-O d5 7. exd6 Nxd6 8.
Bd5 Nf5 9. Bxc6+ bxc6 10. Re1+ Be7 11. g4 Nh6 12. Bg5 Be6 13. Bxh6 gxh6 14.
Nxd4 Bf6 15. Nxe6 Qxd1 16. Nxc7+ Kd7 17. Rxd1+ Kxc7 18. Nc3 Rhg8 19. h3 Bxc3
20. bxc3 h5 21. Rd4 hxg4 22. hxg4 h5 23. Re1 f5 24. Re7+ Kb6 25. Rb4+ Ka6 26.
Ra4+ Kb6 27. Rb4+ Ka6 28. Ra4+ 1/2-1/2

[Event "77. Alemania ch 2006"]
[Site "Osterburg GER"]
[Date "2006.02.09"]
[Round "7.21"]
[White "Knuth, Hannes"]
[Black "Bischoff, Dieter"]
[Result "1/2-1/2"]
[WhiteElo "2283"]
[BlackElo "2147"]
[PlyCount "32"]
[EventDate "2006.02.04"]
[EventType "swiss"]
[EventRounds "9"]
[EventCountry "GER"]
[Source "lmi"]
[SourceDate "2006.02.11"]

1. d4 Nf6 2. c4 g6 3. Nc3 Bg7 4. e4 d6 5. Be2 O-O 6. Bg5 Na6 7. Nf3 h6 8. Be3
e5 9. d5 Ng4 10. Bc1 f5 11. Nd2 Nf6 12. f3 Bd7 13. Nf1 fxe4 14. fxe4 Nc5 15.
Bf3 Qe8 16. g4 Qf7 1/2-1/2

[Event "77. Alemania ch 2006"]
[Site "Osterburg GER"]
[Date "2006.02.09"]
[Round "7.22"]
[White "Zuse, Klaus-Peter"]
[Black "Schuetze, Norman"]
[Result "0-1"]
[WhiteElo "2333"]
[BlackElo "2161"]
[PlyCount "110"]
[EventDate "2006.02.04"]
[EventType "swiss"]
[EventRounds "9"]
[EventCountry "GER"]
[Source "lmi"]
[SourceDate "2006.02.11"]

1. e4 c5 2. Nf3 d6 3. d4 cxd4 4. Nxd4 Nf6 5. Nc3 a6 6. Bg5 e6 7. f4 Nbd7 8. Qf3
Qc7 9. O-O-O Be7 10. g4 h6 11. Bxf6 Bxf6 12. h4 Qb6 13. Nde2 Nc5 14. Rh3 Bd7
15. g5 Be7 16. Kb1 O-O-O 17. Qe3 Kb8 18. f5 hxg5 19. hxg5 Na4 20. Qc1 Rxh3 21.
Bxh3 Rh8 22. Rd3 Nxc3+ 23. Nxc3 Qf2 24. g6 Qh2 25. Qf1 exf5 26. Bxf5 Bxf5 27.
exf5 fxg6 28. fxg6 Qh1 29. Rd1 Qxf1 30. Rxf1 Bf6 31. Nd5 Be5 32. a4 a5 33. Ka2
Rh2 34. Rf8+ Ka7 35. Kb3 Rd2 36. Nc7 Kb6 37. Nb5 Rg2 38. Re8 Rxg6 39. Na3 Bf6
40. Nc4+ Kc7 41. Nxa5 d5 42. Ka3 Rg4 43. c3 Re4 44. Rg8 b6 45. Nb3 Be7+ 46. Ka2
Rxa4+ 47. Kb1 Bf6 48. Nd4 Kb7 49. Ne6 Rg4 50. Kc2 Kc6 51. Nd4+ Bxd4 52. cxd4
Kb5 53. b3 Kb4 54. Rb8 b5 55. Rb7 g5 0-1

[Event "77. Alemania ch 2006"]
[Site "Osterburg GER"]
[Date "2006.02.10"]
[Round "8.1"]
[White "Henrichs, Thomas"]
[Black "Kritz, Leonid"]
[Result "1/2-1/2"]
[WhiteElo "2434"]
[BlackElo "2561"]
[PlyCount "22"]
[EventDate "2006.02.04"]
[EventType "swiss"]
[EventRounds "9"]
[EventCountry "GER"]
[Source "lmi"]
[SourceDate "2006.02.11"]

1. d4 d5 2. c4 c6 3. Nc3 Nf6 4. Nf3 a6 5. h3 e6 6. cxd5 cxd5 7. Bf4 Ne4 8. e3
Nxc3 9. bxc3 Nc6 10. Bd3 Bd6 11. Bxd6 Qxd6 1/2-1/2

[Event "77. Alemania ch 2006"]
[Site "Osterburg GER"]
[Date "2006.02.10"]
[Round "8.3"]
[White "Prusikin, Michael"]
[Black "Luther, Thomas"]
[Result "1/2-1/2"]
[WhiteElo "2563"]
[BlackElo "2569"]
[PlyCount "29"]
[EventDate "2006.02.04"]
[EventType "swiss"]
[EventRounds "9"]
[EventCountry "GER"]
[Source "lmi"]
[SourceDate "2006.02.11"]

1. d4 Nf6 2. c4 e6 3. Nf3 d5 4. g3 dxc4 5. Bg2 Nc6 6. Qa4 Bb4+ 7. Bd2 Nd5 8.
Bxb4 Ndxb4 9. O-O Rb8 10. Nc3 a6 11. Ne5 O-O 12. Nxc6 Nxc6 13. Bxc6 bxc6 14.
Qxc4 Rxb2 15. Rab1 1/2-1/2

[Event "77. Alemania ch 2006"]
[Site "Osterburg GER"]
[Date "2006.02.10"]
[Round "8.4"]
[White "Gustafsson, Jan"]
[Black "Kunin, Vitaly"]
[Result "0-1"]
[WhiteElo "2614"]
[BlackElo "2462"]
[PlyCount "134"]
[EventDate "2006.02.04"]
[EventType "swiss"]
[EventRounds "9"]
[EventCountry "GER"]
[Source "lmi"]
[SourceDate "2006.02.11"]

1. d4 d5 2. c4 dxc4 3. Nf3 Nf6 4. e3 Bg4 5. Bxc4 e6 6. Nc3 a6 7. h3 Bh5 8. g4
Bg6 9. Ne5 Nbd7 10. Nxg6 hxg6 11. Bf1 c6 12. Bg2 Qc7 13. O-O Nd5 14. f4 Be7 15.
g5 O-O-O 16. Qg4 N7b6 17. Qe2 c5 18. Bd2 Kb8 19. Rac1 c4 20. b3 Ba3 21. Nxd5
exd5 22. Rc2 Qd6 23. Rb1 cxb3 24. axb3 Bb4 25. Rbc1 Rc8 26. Rxc8+ Rxc8 27.
Rxc8+ Kxc8 28. Bxb4 Qxb4 29. Qc2+ Kb8 30. Kf2 Ka7 31. Bf3 Qa3 32. h4 Qb4 33.
Be2 Qe7 34. Bg4 Qb4 35. Bf3 Qa3 36. Bd1 Qe7 37. Qd3 Qe6 38. Kg3 Qe7 39. Bf3 Qb4
40. Kf2 Qa3 41. Qc2 Qb4 42. Bd1 Qd6 43. Bg4 Qb4 44. h5 gxh5 45. Bxh5 f6 46. g6
Qe7 47. Bg4 Qe8 48. Bf5 Qh8 49. Kg2 Qh4 50. Qe2 Qh8 51. Bg4 Qe8 52. Bf5 Qh8 53.
Be6 Qe8 54. f5 Qc6 55. Qd2 Nc8 56. e4 Ne7 57. Kh3 dxe4 58. d5 Qc5 59. d6 Nc6
60. d7 e3 61. Qd3 Qe5 62. Bc4 e2 63. Qxe2 Qxf5+ 64. Kh2 Qxd7 65. Qe3+ Qd4 66.
Qe8 Qf2+ 67. Kh3 Ne5 0-1

[Event "77. Alemania ch 2006"]
[Site "Osterburg GER"]
[Date "2006.02.10"]
[Round "8.5"]
[White "Naumann, Alexander"]
[Black "Baramidze, David"]
[Result "1/2-1/2"]
[WhiteElo "2532"]
[BlackElo "2554"]
[PlyCount "23"]
[EventDate "2006.02.04"]
[EventType "swiss"]
[EventRounds "9"]
[EventCountry "GER"]
[Source "lmi"]
[SourceDate "2006.02.11"]

1. e4 c5 2. c3 d5 3. exd5 Qxd5 4. d4 Nf6 5. Nf3 Bg4 6. Be2 e6 7. h3 Bh5 8. O-O
Nc6 9. Be3 cxd4 10. Nxd4 Bxe2 11. Qxe2 Be7 12. Rd1 1/2-1/2

[Event "77. Alemania ch 2006"]
[Site "Osterburg GER"]
[Date "2006.02.10"]
[Round "8.6"]
[White "Graf, Alexander"]
[Black "Becker, Michael"]
[Result "1-0"]
[WhiteElo "2604"]
[BlackElo "2320"]
[PlyCount "115"]
[EventDate "2006.02.04"]
[EventType "swiss"]
[EventRounds "9"]
[EventCountry "GER"]
[Source "lmi"]
[SourceDate "2006.02.11"]

1. d4 Nf6 2. c4 c5 3. d5 b5 4. cxb5 a6 5. e3 g6 6. Nc3 Bg7 7. a4 O-O 8. Nf3 d6
9. e4 axb5 10. Bxb5 Na6 11. O-O Nb4 12. Bf4 Bg4 13. Rc1 Nh5 14. Bd2 Bd7 15. Bc4
f5 16. b3 fxe4 17. Nxe4 Bg4 18. Neg5 Nf4 19. Bxf4 Rxf4 20. h3 Bd7 21. Qe2 Rf6
22. Rfe1 h6 23. Ne4 Rf7 24. Ng3 Bf6 25. Qe4 Rg7 26. Qe3 Kh7 27. Ne4 Bb2 28. Rb1
Nc2 29. Qd2 Nxe1 30. Nfg5+ hxg5 31. Nxg5+ Kg8 32. Rxb2 Nxg2 33. Kxg2 Qf8 34.
Rc2 Qf6 35. Rc3 Bf5 36. Rg3 Qe5 37. Qe3 Qxe3 38. fxe3 Bc8 39. e4 Ba6 40. e5
Bxc4 41. bxc4 Rxa4 42. Rb3 Rf7 43. Nxf7 Kxf7 44. Rf3+ Kg7 45. e6 Rxc4 46. Rf7+
Kh6 47. Rxe7 Rd4 48. Re8 Kg7 49. Rd8 Kf6 50. Rxd6 c4 51. Rd7 c3 52. Rf7+ Kg5
53. e7 Re4 54. d6 Re2+ 55. Rf2 Rxf2+ 56. Kxf2 c2 57. e8=Q c1=Q 58. Qe3+ 1-0

[Event "77. Alemania ch 2006"]
[Site "Osterburg GER"]
[Date "2006.02.10"]
[Round "8.7"]
[White "Rother, Christoph"]
[Black "Meister, Jakov"]
[Result "0-1"]
[WhiteElo "2293"]
[BlackElo "2493"]
[PlyCount "102"]
[EventDate "2006.02.04"]
[EventType "swiss"]
[EventRounds "9"]
[EventCountry "GER"]
[Source "lmi"]
[SourceDate "2006.02.11"]

1. e4 c5 2. Nf3 d6 3. d4 cxd4 4. Nxd4 Nf6 5. Nc3 g6 6. Be3 Bg7 7. f3 Nc6 8. Qd2
O-O 9. O-O-O Nxd4 10. Bxd4 Be6 11. Kb1 a6 12. g4 b5 13. h4 b4 14. Ne2 a5 15. h5
a4 16. g5 Nxh5 17. Bxg7 Kxg7 18. Qxb4 Qa5 19. Qd4+ Qe5 20. Bh3 Qxd4 21. Rxd4
Bxh3 22. Rxh3 a3 23. b4 f6 24. gxf6+ Rxf6 25. c3 Kg8 26. Kc2 Ng7 27. Kb3 Ne6
28. Rd3 h5 29. Re3 Rff8 30. c4 Kg7 31. e5 Kf7 32. exd6 exd6 33. Kc3 Rfb8 34. f4
Ra4 35. f5 gxf5 36. Rxh5 Ng7 37. Rh6 Rbxb4 38. Rxd6 Rxc4+ 39. Kd3 Rc7 40. Nd4
Ra5 41. Nc6 Ra8 42. Ne5+ Kg8 43. Nd7 Rc1 44. Kd2 Ra1 45. Re7 Rxa2+ 46. Kd3 Rg2
47. Nf6+ Kh8 48. Re1 Rh2 49. Rd7 a2 50. Rf7 Ne6 51. Ra1 Ng5 0-1

[Event "77. Alemania ch 2006"]
[Site "Osterburg GER"]
[Date "2006.02.10"]
[Round "8.8"]
[White "Hoepfl, Thomas"]
[Black "Tischbierek, Raj"]
[Result "0-1"]
[WhiteElo "2313"]
[BlackElo "2466"]
[PlyCount "68"]
[EventDate "2006.02.04"]
[EventType "swiss"]
[EventRounds "9"]
[EventCountry "GER"]
[Source "lmi"]
[SourceDate "2006.02.11"]

1. e4 Nf6 2. e5 Nd5 3. d4 d6 4. Nf3 Bg4 5. Be2 e6 6. c4 Nb6 7. O-O Be7 8. Nc3
O-O 9. h3 Bh5 10. Be3 a6 11. exd6 cxd6 12. Qb3 N8d7 13. a4 Bxf3 14. gxf3 Rb8
15. Kh1 Bg5 16. Rg1 Bxe3 17. fxe3 Qh4 18. Rg2 Nc8 19. Kh2 Ne7 20. Rag1 g6 21.
Bd3 e5 22. Ne4 exd4 23. Rg4 Qh6 24. Ng5 dxe3 25. Bb1 e2 26. Qe3 Ne5 27. R4g3
Rbe8 28. Qd2 f6 29. f4 fxg5 30. fxe5 Rf2+ 31. Kh1 dxe5 32. Qe3 Qf8 33. Bd3 Qf4
34. Bxe2 Nf5 0-1

[Event "77. Alemania ch 2006"]
[Site "Osterburg GER"]
[Date "2006.02.10"]
[Round "8.9"]
[White "Koepke, Christian"]
[Black "Heinemann, Thies"]
[Result "1-0"]
[WhiteElo "2274"]
[BlackElo "2443"]
[PlyCount "81"]
[EventDate "2006.02.04"]
[EventType "swiss"]
[EventRounds "9"]
[EventCountry "GER"]
[Source "lmi"]
[SourceDate "2006.02.11"]

1. e4 c5 2. Nf3 d6 3. d4 cxd4 4. Nxd4 Nf6 5. Nc3 a6 6. Be3 e5 7. Nb3 Be6 8. f3
Nbd7 9. Qd2 b5 10. O-O-O Rc8 11. Kb1 Be7 12. g4 Nb6 13. Qf2 Nc4 14. Bxc4 Rxc4
15. Nd5 Bxd5 16. exd5 O-O 17. g5 Nh5 18. Nd2 Rc8 19. Ne4 Qd7 20. Ng3 Nxg3 21.
hxg3 Qf5 22. Rh5 g6 23. Rh6 Bxg5 24. Bxg5 Qxg5 25. Rdh1 Rc5 26. f4 Qf5 27. Rxh7
Rfc8 28. fxe5 dxe5 29. Qxf5 gxf5 30. d6 Kf8 31. Rh8+ Kg7 32. d7 Rxh8 33. Rxh8
Kxh8 34. d8=Q+ Kg7 35. Qg5+ Kf8 36. Qxf5 Ke7 37. c3 Rd5 38. Kc2 f6 39. Qh7+ Kf8
40. Qc7 e4 41. Qf4 1-0

[Event "77. Alemania ch 2006"]
[Site "Osterburg GER"]
[Date "2006.02.10"]
[Round "8.10"]
[White "Degtiarev, Jewgeni"]
[Black "Muranyi, Karl-Jasmin"]
[Result "0-1"]
[WhiteElo "2388"]
[BlackElo "2359"]
[PlyCount "102"]
[EventDate "2006.02.04"]
[EventType "swiss"]
[EventRounds "9"]
[EventCountry "GER"]
[Source "lmi"]
[SourceDate "2006.02.11"]

1. d4 c5 2. d5 e5 3. e4 d6 4. Nc3 a6 5. a4 Ne7 6. Nf3 g6 7. Nd2 b6 8. Nc4 Bg7
9. f4 O-O 10. Be2 Bb7 11. O-O Nc8 12. Bg4 Nd7 13. Bxd7 Qxd7 14. f5 f6 15. Rb1
b5 16. Na5 b4 17. Ne2 Ne7 18. g4 Bc8 19. Nc4 Qc7 20. Be3 a5 21. Rf3 Ba6 22. Nd2
Qd7 23. Ra1 h5 24. gxh5 gxf5 25. h6 Bh8 26. h7+ Kxh7 27. Rh3+ Kg8 28. Ng3 f4
29. Qh5 Bg7 30. Kh1 Rf7 31. Rg1 Kf8 32. Nf3 Bc8 33. Rh4 fxg3 34. Rxg3 Nf5 35.
exf5 Qxf5 36. Bh6 Qxh5 37. Rxh5 Bxh6 38. Rxh6 Bb7 39. h4 Bxd5 40. Kh2 Bxf3 41.
Rxf3 Ke7 42. Rg3 d5 43. Kg2 c4 44. Kf3 Rb8 45. Ke3 Ke6 46. h5 b3 47. c3 Rd8 48.
Kd2 Rff8 49. Rhg6 Rh8 50. h6 Kf5 51. Rg2 Rd7 0-1

[Event "77. Alemania ch 2006"]
[Site "Osterburg GER"]
[Date "2006.02.10"]
[Round "8.11"]
[White "Reuss, Andreas"]
[Black "Sprenger, Jan Michael"]
[Result "1/2-1/2"]
[WhiteElo "2354"]
[BlackElo "2505"]
[PlyCount "82"]
[EventDate "2006.02.04"]
[EventType "swiss"]
[EventRounds "9"]
[EventCountry "GER"]
[Source "lmi"]
[SourceDate "2006.02.11"]

1. d4 Nf6 2. c4 e6 3. e3 c5 4. Nc3 cxd4 5. exd4 d5 6. Nf3 Bb4 7. cxd5 Nxd5 8.
Bd2 Nc6 9. Bd3 O-O 10. O-O Nf6 11. Ne4 Be7 12. Qe2 Bd7 13. a3 Rc8 14. b4 Nxe4
15. Qxe4 f5 16. Qf4 Bf6 17. Rac1 Kh8 18. Rfe1 h6 19. h4 Re8 20. Qd6 Be7 21. Qg3
Bf6 22. Qd6 Qe7 23. Qxe7 Nxe7 24. b5 Red8 25. a4 Nd5 26. Bf1 Kg8 27. g3 Rxc1
28. Rxc1 Be8 29. Ne5 Nb6 30. Be3 Nxa4 31. Rc7 Nb6 32. Rxb7 g5 33. hxg5 hxg5 34.
Rxa7 f4 35. gxf4 gxf4 36. Bxf4 Rxd4 37. Bg3 Bxe5 38. Bxe5 Rd5 39. Rb7 Bxb5 40.
Bxb5 Rxb5 41. f4 Rb4 1/2-1/2

[Event "77. Alemania ch 2006"]
[Site "Osterburg GER"]
[Date "2006.02.10"]
[Round "8.12"]
[White "Schunk, Thomas"]
[Black "Meins, Gerlef"]
[Result "0-1"]
[WhiteElo "2315"]
[BlackElo "2446"]
[PlyCount "108"]
[EventDate "2006.02.04"]
[EventType "swiss"]
[EventRounds "9"]
[EventCountry "GER"]
[Source "lmi"]
[SourceDate "2006.02.11"]

1. c4 Nf6 2. Nc3 e5 3. e4 Nc6 4. g3 Bc5 5. Bg2 d6 6. h3 Be6 7. d3 Nd4 8. Nf3
O-O 9. O-O Nxf3+ 10. Qxf3 Nd7 11. g4 Qh4 12. Ne2 h5 13. gxh5 f5 14. Be3 Bxe3
15. fxe3 Nc5 16. exf5 Rxf5 17. Qg3 Rxf1+ 18. Rxf1 Qxg3 19. Nxg3 Nxd3 20. b3 Rf8
21. Rxf8+ Kxf8 22. Bxb7 Nc1 23. h4 Nxa2 24. Ne4 Nc1 25. Nd2 Bg4 26. Bd5 Bxh5
27. b4 Na2 28. b5 Nc3 29. Bc6 Nd1 30. e4 Ne3 31. Kf2 Nc2 32. Nb3 Nd4 33. Na5
Ke7 34. Bb7 Be8 35. Bd5 Bd7 36. Bb7 Ne6 37. Bc6 Bc8 38. Bd5 Nd4 39. Ke3 a6 40.
bxa6 Bxa6 41. Bg8 Kd7 42. Bf7 c6 43. Kf2 Kc7 44. c5 dxc5 45. Kg3 Kb6 46. Nc4+
Bxc4 47. Bxc4 Ka5 48. Kg4 Kb4 49. Ba2 c4 50. Kg5 c3 51. Bb1 Kb3 52. Kg6 Kb2 53.
Bd3 c5 54. Kxg7 c4 0-1

[Event "77. Alemania ch 2006"]
[Site "Osterburg GER"]
[Date "2006.02.10"]
[Round "8.13"]
[White "Kaeser, Udo"]
[Black "Huschenbeth, Niclas"]
[Result "1-0"]
[WhiteElo "2343"]
[BlackElo "2287"]
[PlyCount "111"]
[EventDate "2006.02.04"]
[EventType "swiss"]
[EventRounds "9"]
[EventCountry "GER"]
[Source "lmi"]
[SourceDate "2006.02.11"]

1. e4 e5 2. Nf3 Nc6 3. Bb5 a6 4. Bxc6 dxc6 5. d4 exd4 6. Qxd4 Qxd4 7. Nxd4 Bd7
8. Nc3 O-O-O 9. Be3 Bb4 10. Nde2 Ne7 11. O-O-O Rhe8 12. a3 Bd6 13. Na4 Ng6 14.
Ng3 Bf4 15. Rde1 b6 16. Bxf4 Nxf4 17. Rhg1 c5 18. Nc3 Bc6 19. f3 Rd7 20. Nce2
Nxe2+ 21. Rxe2 Red8 22. Ree1 g5 23. Rd1 Rxd1+ 24. Rxd1 Rxd1+ 25. Kxd1 Kd7 26.
Kd2 Ke6 27. Ke3 Ke5 28. Nf5 Bd7 29. Ng7 Kf6 30. Nh5+ Kg6 31. Ng3 h5 32. f4 h4
33. Nf5 Bxf5 34. exf5+ Kxf5 35. fxg5 Kxg5 36. Kf3 Kf5 37. h3 a5 38. g3 Kg5 39.
Kf2 Kh5 40. Kg2 Kg5 41. Kf3 c4 42. c3 a4 43. Kg2 b5 44. Kf3 f5 45. Kf2 c5 46.
Kf3 hxg3 47. Kxg3 b4 48. Kf3 Kh4 49. Kf4 Kxh3 50. Kxf5 Kg3 51. Ke4 Kf2 52. cxb4
cxb4 53. axb4 Ke2 54. Kd4 Kd2 55. Kxc4 Kc2 56. Kb5 1-0